| 000 | 00324nam a2200097Ia 4500 | ||
|---|---|---|---|
| 008 | 220120s9999||||xx |||||||||||||| ||und|| | ||
| 100 |
_aAbdul Rahoof, Aswin Suresh and Rahul _912635 |
||
| 245 | 0 | _aBe safe application to limit drunkendrive cases | |
| 260 |
_aCoorg Institute of Technology _bPonnampet _c2016 |
||
| 650 | _aMECHANICAL | ||
| 999 |
_c138233 _d138233 |
||